000 00201nam a2200085Ia 4500
008 120527s9999 xx 000 0 und d
100 _aMansfield E.
245 _aPrinciples of Macroeconomics
942 _cBK
999 _c26831
_d26831